Cities of the Province in Netherlands: South Holland - Statistics

General Stats
  • This quiz has been taken 92 times
  • The average score is 10 of 15
Answer Stats
City % Correct
Rotterdam
100%
Den Haag
97%
Leiden/Leyden
88%
Delft
85%
Gouda
84%
Dordrecht/Dordt
81%
Zoetermeer
75%
Schiedam
69%
Vlaardingen
60%
Spijkenisse
51%
Alphen aan den Rijn
46%
Gorinchem/Gorkum
43%
Maassluis
28%
Capelle aan den IJssel
26%
Voorburg
26%
No matching quizzes found
Score Distribution
Percent of People with Each Score
Percentile by Number Answered
Your Score History
You have not taken this quiz